Catálogo
 En Linea

Catálogo de la sala filatélica / (Registro nro. 38513)

Detalles MARC
000 -CABECERA
campo de control de longitud fija 00865nam a2200241 a 4500
001 - NÚMERO DE CONTROL
campo de control 000039023
003 - IDENTIFICADOR DEL NÚMERO DE CONTROL
campo de control DO-SdBNP
005 - FECHA Y HORA DE LA ÚLTIMA TRANSACCIÓN
campo de control 20250714110029.0
008 - DATOS DE LONGITUD FIJA--INFORMACIÓN GENERAL
campo de control de longitud fija 130513s2001 dr a r 000 0 spa d
020 ## - NÚMERO INTERNACIONAL ESTÁNDAR DEL LIBRO
Número Internacional Estándar del Libro 9993430250
040 ## - FUENTE DE LA CATALOGACIÓN
Centro catalogador/agencia de origen DO-SdBNP
Lengua de catalogación spa
Centro/agencia transcriptor BNPHU
082 ## - NÚMERO DE LA CLASIFICACIÓN DECIMAL DEWEY
Número de clasificación xxxx
Número de documento/Ítem xxxx
110 2# - ENTRADA PRINCIPAL--NOMBRE DE ENTIDAD CORPORATIVA
Nombre de entidad corporativa o nombre de jurisdicción como elemento de entrada Banco Central de la República Dominicana
9 (RLIN) 83405
245 10 - MENCIÓN DE TÍTULO
Título Catálogo de la sala filatélica /
Mención de responsabilidad, etc. texto Danilo A. Mueses.
260 ## - PUBLICACIÓN, DISTRIBUCIÓN, ETC.
Lugar de publicación, distribución, etc. Santo Domingo :
Nombre del editor, distribuidor, etc. Banco Central de la República Dominicana,
Fecha de publicación, distribución, etc. 2001.
300 ## - DESCRIPCIÓN FÍSICA
Extensión 79 p. :
Otras características físicas il. ;
Dimensiones 29 cm.
490 1# - MENCIÓN DE SERIE
Mención de serie Banco Central de la República Dominicana
Designación de volumen o secuencia 33
Mención de serie Filatelia y numismática
Designación de volumen o secuencia 6
500 ## - NOTA GENERAL
Nota general Texto a dos columnas
590 ## - NOTA LOCAL (RLIN)
Nota local Inventariado, 2019/BT
700 1# - PUNTO DE ACCESO ADICIONAL--NOMBRE DE PERSONA
Nombre de persona Mueses, Danilo A.
9 (RLIN) 62046
830 #0 - PUNTO DE ACCESO ADICIONAL DE SERIE-TÍTULO UNIFORME
Título uniforme Banco Central de la República Dominicana
Número de parte o sección de la obra 33
Nombre de parte o sección de la obra Filatelia y numismática
Número de parte o sección de la obra 6
9 (RLIN) 65268
942 ## - ELEMENTOS DE PUNTO DE ACCESO ADICIONAL (KOHA)
Fuente del sistema de clasificación o colocación Dewey Decimal Classification
Tipo de ítem Koha Libro
Existencias
Estado de retiro Estado de pérdida No para préstamo Código de colección Localización permanente Ubicación/localización actual Ubicación en estantería Fecha de adquisición Número de inventario Total de préstamos Signatura topográfica completa Código de barras Fecha visto por última vez Precio válido a partir de Tipo de ítem Koha Número de copia
    Excluido de préstamo Patrimonio Dominicano Patrimonio Dominicano Patrimonio Dominicano Depósito 13.05.2013 LF1   xxxx xxxx 39023-10 25.06.2020 25.06.2020 Libro y Folleto Colección Patrimonio Dominicano  
    Excluido de préstamo Patrimonio Dominicano Patrimonio Dominicano Patrimonio Dominicano Depósito 21.06.2018 LF1   xxxx xxxx 39023-20 25.06.2020 25.06.2020 Libro y Folleto Colección Patrimonio Dominicano e. 2

Con tecnología Koha